| 000 | 00468nam a2200169 a 4500 | ||
|---|---|---|---|
| 001 | 1853 | ||
| 003 | CDMR | ||
| 005 | 20130319115417.0 | ||
| 008 | 130130s1996||||||||||||||||||||||||||||d | ||
| 020 | _a8479353821 | ||
| 040 |
_aCDMR _bcat _cCPC LLEIDA |
||
| 100 | 1 |
_aSartre, Jean Paul _91383 |
|
| 245 | 1 | 2 |
_aL'imaginari _cJean Paul SARTRE _b: psicologia fenomenològica de la imaginació |
| 260 |
_aLleida _c1996 _bPagès |
||
| 490 | 0 |
_aEl Fil d'Ariadna _v22 |
|
| 942 |
_cMON _2udc |
||
| 999 |
_c1853 _d1853 |
||